000 00663nam a2200277Ia 4500
005 20260324134820.0
008 008 260324s9999 xx 000 0 eng d
020 _a9780203062586
037 _aEBOOK
040 _aCRL
040 _beng
040 _cCRL
041 _2eng
041 _aeng
084 _qCRL
100 _aGraham M.S. Dann; A.V. Seaton
_91198268
245 0 _aSlavery, Contested Heritage, and Thanatourism
260 _bTaylor and Francis
260 _c2001
365 _a
365 _b230
856 _uhttp://www.taylorfrancis.com/books/9780203062586
942 _cEBOOK
999 _c1798710
_d1798710